LEADER 05021nam 22005053 450 001 996589772703316 005 20240311084507.0 010 $a90-485-6288-0 024 7 $a10.1515/9789048562886 035 $a(CKB)30465737300041 035 $a(MiAaPQ)EBC31202961 035 $a(Au-PeEL)EBL31202961 035 $a(DE-B1597)680344 035 $a(DE-B1597)9789048562886 035 $a(OCoLC)1419233670 035 $a(EXLCZ)9930465737300041 100 $a20240311d2024 uy 0 101 0 $aeng 135 $aur||||||||||| 181 $ctxt$2rdacontent 182 $cc$2rdamedia 183 $acr$2rdacarrier 200 10$aPower of the Invisible $eThe Quantessence of Reality 205 $a1st ed. 210 1$aAmsterdam :$cAmsterdam University Press,$d2024. 210 4$d©2024. 215 $a1 online resource (697 pages) 311 $a90-485-6287-2 327 $aIntro -- Table of Contents -- A preface of prefaces -- Introduction -- Nature is quantized -- Physics, mathematics and concepts -- I The journey: from classical to quantum worlds -- I.1 The gems of classical physics -- Mission almost completed -- Newtonian mechanics and gravity -- Four laws only -- Dynamical systems -- Conservation lawssubjectsI]Conservation laws -- Classical mechanics for aficionados -- grey The shortest path -- Maxwell's electromagnetism -- The Maxwell equations -- Electromagnetic wavessubjectsI]Electromagnetic waves -- Lorentz invariance: the key to relativity -- Gauge invariance: beauty and redundance -- Monopoles: Nature's missed opportunity? -- Statistical Physics: from micro to macro physics -- Thermodynamics: the three laws -- Understanding entropy. -- grey Two cultures -- Statistical mechanics -- Statistical thermodynamics. -- The ideal gas. -- I.2 The age of geometry, information and quantum -- Canaries in a coal mine -- The physics of space-time -- Special relativity -- General relativity -- Big Bang cosmology -- Cosmic inflation -- grey Much ado about nothing -- The physics of geometry -- Curved spaces (manifolds) and topology -- The geometry of gauge invariance -- The physics of information: from bits to qubits -- Information and entropy -- Models of computation -- Going quantum -- Quantum physics: the laws of matter -- I.3 Universal constants, scales and units -- Is man the measure of all things? -- On time -- Reinventing the meter -- grey When the saints go marching in... -- How universal is universal? -- Theories outside their comfort zone -- The virtue of heuristics -- Going quantum -- Natural units ©1898 Max Planck -- Black holes -- Black hole thermodynamics -- Accelerated observers and the Unruh effect -- The magic cube -- I.4 The quest for basic building blocks -- A splendid race to the bottom. 327 $aFatal attraction: forces yield structure -- Atomic structure -- The Bohr atom: energy quantization -- The Schrödinger atomsubjectsI]Schrödinger atom: three numbers -- The discovery of spin -- grey Behind the scenes -- Fermions and bosons -- Atoms: the building blocks of chemistry -- Nuclear structure -- Isotopes and nuclear decay modes -- Positron-emission tomography (PET) -- Transmutation: Fission and fusion -- grey Chysopoeia? -- ITER: the nuclear fusion reactor -- Field theory: particle species and forces -- The Dirac equation: matter and anti-matter -- Quantum Electrodynamics: QED -- Subnuclear structure -- The Standard Model -- Flavors, colors and families -- The strong interactions -- The electro-weak interactions -- A brief history of unification. -- Supersymmetry -- Superstrings -- Strings: all fields in one? -- M-theory, D-branes and dualities -- Holography and the AdS/CFT program -- At home in the quantum world -- Indices -- Subject index Volume I -- Name index Volume I -- II Quantessence: how quantum theory works -- Contents -- III Hierarchies: the emergence of diversity -- Contents -- Appendix A Math Excursions -- Appendix B Chronologies, ideas and people -- Indices -- Acknowledgements -- About the Author:. 330 $aQuantum Physics is the solid basis of most of our understanding of nature and has been the driver of many technological advances. The trilogy Power of the Invisible: The Quantessence of Reality gives a coherent account of this huge domain of knowledge, which is linked to some fifty Nobel prizes and is one of the greatest scientific achievements of the twentieth century. This quantum story follows three lines in parallel: a pictorial, an explanatory and a mathematical one. 606 $aQuantum theory 606 $aSCIENCE / Physics / Quantum Theory$2bisacsh 610 $aQuantum Physics, understanding of nature, technological advances, scientific achievements. 615 0$aQuantum theory. 615 7$aSCIENCE / Physics / Quantum Theory. 676 $a530.12 700 $aBais$b Sander$0320549 801 0$bMiAaPQ 801 1$bMiAaPQ 801 2$bMiAaPQ 906 $aBOOK 912 $a996589772703316 996 $aPower of the Invisible$94132145 997 $aUNISA